000 00646nam a2200181Ia 4500
008 100920s9999 xx 000 0 und d
082 _b103552
_a--- न 08
100 _aगार्डनरअर्ल स्टॅनली अनु. आफळे ज्योती.
245 _aफाशांचा फास.
260 _bज्ञानराज प्रकाशन पुणे-2.
_c2008
300 _a200
_bसाधी
365 _b190
520 _aकादंबरी.
630 _aफाशांचा फास.
650 _aकादंबरी.
730 _aफाशांचा फास.
942 _cBOOK
999 _c743984
_d743981